000 00492nam a2200157 i 4500
001 31498
003 ES-MaACL
007 t|
008 030129q1954 sp ||||1| spa d
100 1 _aBenet, Rafael.
_927543
245 1 0 _aJoaquín Vancells
_b: El hombre y el artista /
_cRafael Benet.
260 _aBarcelona :
_bEdiciones Figuras y paisajes,
_c[1954?] (
_fClarasó)
300 _a260 p., 38 lám. ;
_c27 cm.
852 _aES-MaACL
_jC-9172
_bR.37052
852 _aES-MaACL
_jC-8605
_bR.36802
999 _c31498
_d31498